Rappeurs de la new wave par images #2 - Statistiques

Statistiques générales
  • Ce quiz a été pris 204 fois
  • Le résultat moyen est 8 sur 16
Statistiques - réponses
Par images Réponse % Correct
Houdi
85%
Khali
77%
J9ueve
74%
Femtogo
72%
Mairo
72%
Winnterzuko
66%
Jolagreen23
65%
La Mano 1.9
50%
8ruki
45%
Dau
40%
Slimka
40%
Jaymee
26%
Ajna
22%
Zeu
17%
AAMO
7%
Poissonchat
7%
Aucun quiz correspondant
Distribution des résultats
% des personnes avec chaque résultat
Percentile par nombre de réponses
Votre historique - résultats
Vous n’avez pas pris ce quiz